[Event "Sueca op 7th"]
[Site "Sueca"]
[Date "2023.08.07"]
[Round "1"]
[White "Pla Richart, Olau"]
[Black "Deusa Ballesteros, Lucas"]
[Result "0-1"]
[WhiteElo "1386"]
[BlackElo "1971"]
[PlyCount "52"]
[EventDate "2023.08.07"]
[EventType "swiss"]
[EventRounds "9"]
[EventCountry "ESP"]
[SourceTitle "EXT 2024"]
[Source "ChessBase"]
[SourceDate "2023.10.10"]
[SourceVersion "1"]
[SourceVersionDate "2023.10.10"]
[SourceQuality "1"]

1. d4 Nf6 2. Nc3 d5 3. Bf4 e6 4. a3 a6 5. Qd2 Bd6 6. 0-0-0 0-0 7. f3 c5 8. Bxd6 Qxd6 9. dxc5 Qxc5 10. e4 dxe4 11. fxe4 Nc6 12. Nf3 e5 13. Na4 Qa7 14. Bd3 Be6 15. h3 Rac8 16. Qe2 Nh5 17. Qe1 Nf4 18. g3 Ng6 19. Qg1 Nd4 20. h4 Bg4 21. Rf1 Bxf3 22. Rxf3 Rxc2+ 23. Kb1 Rc7 24. Nc3 Qc5 25. Rf2 Ne7 26. Rhh2 Nf3 0-1

[Event "Alzira op 12th"]
[Site "Alzira"]
[Date "2022.12.29"]
[Round "6"]
[White "Pla Richart, Olau"]
[Black "Domenech Briz, Jose"]
[Result "1-0"]
[WhiteElo "1357"]
[BlackElo "1708"]
[PlyCount "59"]
[EventDate "2022.12.27"]
[EventType "swiss"]
[EventRounds "8"]
[EventCountry "ESP"]
[SourceTitle "CBM 212 Extra"]
[Source "ChessBase"]
[SourceDate "2023.03.31"]
[SourceVersion "1"]
[SourceVersionDate "2023.03.31"]
[SourceQuality "1"]

1. d4 Nf6 2. Bf4 g6 3. Nc3 Bg7 4. e4 d6 5. Qd2 Nbd7 6. 0-0-0 0-0 7. Bh6 a6 8. h4 b5 9. h5 b4 10. Nd5 Nxe4 11. Qf4 e5 12. dxe5 dxe5 13. Qxe4 Bxh6+ 14. Kb1 Nf6 15. Nxf6+ Qxf6 16. Qxa8 Bg4 17. Qd5 c6 18. Qd3 Bxd1 19. Qxd1 Rd8 20. Bd3 e4 21. hxg6 Qxg6 22. Rxh6 Qxh6 23. Qg4+ Kf8 24. Qxe4 Qh1 25. Qxb4+ c5 26. Qxc5+ Kg8 27. Qg5+ Kf8 28. Qxd8+ Kg7 29. Qg5+ Kf8 30. Qc1 1-0